01011nab a22002177a 4500003000400000005001700004008004100021040000700062100002600069245011900095260007300214300001300287500004400300505013300344505009000477650002000567650002900587650002200616650001500638773014000653OSt20250310115201.0190604e xxu||||| |||| 00| 0 spa d cPJ aFernández, Hilda E.10aProtección jurídica de la vivienda. ¿Quiénes están legitimados para solicitarla? /cHilda E. Fernández. aCiudad Autónoma de Buenos Aires :bThomson Reuters La Ley, c2025. ap. 56-61 aCita Online: TR LALEY AR/DOC/2987/2024. aSumario: I. Introducción.— II. Legitimados para solicitar la protección jurídica de la vivienda.— III. Conclusiones.  t¿Te interesa el texto completo? Solicitalo al correo: koha@justierradelfuego.gov.ar  0aDERECHOS REALES 0aCODIGO CIVIL Y COMERCIAL 0aVIVIENDA FAMILIAR 0aPOSESIÓN0 02714dCiudad Autónoma de Buenos Aires : Thomson Reuters La Ley, 2014-tRevista anales de legislación argentina. Nº 3 - Marzo 2025.